| 000 | 00454nam a22001457a 4500 | ||
|---|---|---|---|
| 008 | 230807b |||||||| |||| 00| 0 eng d | ||
| 020 | _a978-0702237676 | ||
| 050 |
_aPN4784 _b.L96 2010 |
||
| 100 | _aLynch, Jake | ||
| 245 |
_aReporting conflict : _bNew directions in peace journalism/by _cJake Lynch and Johan Galtung |
||
| 260 |
_aAustralia _bUniversity of Queensland press _c2010 |
||
| 300 | _axiii, 225p. | ||
| 700 | _aGaltung, Johan | ||
| 942 |
_2lcc _cBK |
||
| 999 |
_c20209 _d20208 |
||